Reminiscences of my military life from 1795 to 1818 / (Record no. 793155)

MARC details
000 -LEADER
fixed length control field 00860nam a2200277 a 4500
001 - CONTROL NUMBER
control field vtls000969356
003 - CONTROL NUMBER IDENTIFIER
control field NLI
005 - DATE AND TIME OF LATEST TRANSACTION
control field 20210627095145.0
008 - FIXED-LENGTH DATA ELEMENTS--GENERAL INFORMATION
fixed length control field 120112s1878 xxk 000 0 eng
039 #9 - LEVEL OF BIBLIOGRAPHIC CONTROL AND CODING DETAIL [OBSOLETE]
-- 201201121809
-- Entertech_02
040 0# - CATALOGING SOURCE
Original cataloging agency NLI
Language of cataloging eng
Transcribing agency Entertech-FY 2010
Description conventions AACR2
041 0# - LANGUAGE CODE
Language code of text/sound track or separate title eng
044 ## - COUNTRY OF PUBLISHING/PRODUCING ENTITY CODE
MARC country code xxk
084 ## - OTHER CLASSIFICATION NUMBER
Classification number 124.E.371
100 1# - MAIN ENTRY--PERSONAL NAME
Personal name Steevens, Charles
9 (RLIN) 909580
245 10 - TITLE STATEMENT
Title Reminiscences of my military life from 1795 to 1818 /
Statement of responsibility, etc. Charles Steevens ; edited by Nathaniel Steevens
260 ## - PUBLICATION, DISTRIBUTION, ETC.
Place of publication, distribution, etc. Winchester, :
Name of publisher, distributor, etc. Warrn,
Date of publication, distribution, etc. 1878
300 ## - PHYSICAL DESCRIPTION
Extent 124 , ix ;
Dimensions 21 cm.
650 #0 - SUBJECT ADDED ENTRY--TOPICAL TERM
Topical term or geographic name entry element Peninsular War, 1807-1814
9 (RLIN) 804162
651 #0 - SUBJECT ADDED ENTRY--GEOGRAPHIC NAME
Geographic name Great Britain
General subdivision History
9 (RLIN) 687840
700 1# - ADDED ENTRY--PERSONAL NAME
Personal name Steevens , Nathaniel,
Relationship edt
9 (RLIN) 909581
887 ## - NON-MARC INFORMATION FIELD
Content of non-MARC field
901 ## - LOCAL DATA ELEMENT A, LDA (RLIN)
a IMP74592 :
b 29.9.2010
902 ## - LOCAL DATA ELEMENT B, LDB (RLIN)
a 124.E.371
942 ## - ADDED ENTRY ELEMENTS (KOHA)
Source of classification or shelving scheme Dewey Decimal Classification
Koha item type Books
Holdings
Withdrawn status Lost status Damaged status Not for loan Home library Current library Date acquired Total Checkouts Full call number Date last seen Price effective from Koha item type
        National Library of India National Library of India     124.E.371 27/06/2021 27/06/2021 Books
                                                                           
web counter

Copyright ©2020 The National Library of India, Govt. of India ↔ Hosted by NVLI, MOC ↔ Technology and Design by National Library of India, Ministry of Culture, Govt. of India